000 00498nam a22001937a 4500
003 OSt
005 20151204151143.0
008 151204b xxu||||| |||| 00| 0 eng d
020 _a0415177545
040 _cDDC.
082 _a370 OTT1998
100 _a Ottway,A.K.C;
_96508
245 _aEducation and Society.
260 _aLondon.
_bRoutledge.
_c1998.
300 _axii,182p;
_bill;
_c24cm.
504 _aBibliography and index are included.
651 _aEducation.
_96284
942 _2ddc
_cSLOAN
999 _c2826
_d2826